Assuring food and nutrition security in Africa by 2020 : (Record no. 18799)

000 -LEADER
fixed length control field 00960cam a22002294a 4500
020 ## - INTERNATIONAL STANDARD BOOK NUMBER
ISBN 0896296504 (alk. paper)
020 ## - INTERNATIONAL STANDARD BOOK NUMBER
ISBN 0896297322 (CDROM)
020 ## - INTERNATIONAL STANDARD BOOK NUMBER
ISBN 0896297330 (videodisc)
040 ## - CATALOGING SOURCE
Transcribing agency DLC
082 00 - DEWEY DECIMAL CLASSIFICATION NUMBER
Classification number 338 INT 2004 C155 Or.
245 00 - TITLE STATEMENT
Title Assuring food and nutrition security in Africa by 2020 :
Remainder of title prioritizing actions, strengthening actors, and facilitating partnerships : proceedings of an all-Africa conference, Kampala, Uganda, April 1-3, 2004.
260 ## - PUBLICATION, DISTRIBUTION, ETC. (IMPRINT)
Place of publication Washington, D.C. :
Name of publisher International Food Policy Research Institute,
Year of publication c2004.
300 ## - PHYSICAL DESCRIPTION
Number of Pages xiii, 279 p. :
Other physical details ill., maps ;
Dimensions 28 cm. +
Accompanying material 1 CD-ROM (4 3/4 in.) + 1 videodisc (4 3/4 in.)
650 #0 - SUBJECT ADDED ENTRY--TOPICAL TERM
Topical Term Food supply
650 #0 - SUBJECT ADDED ENTRY--TOPICAL TERM
Topical Term Nutrition
650 #0 - SUBJECT ADDED ENTRY--TOPICAL TERM
Topical Term Food relief
650 #0 - SUBJECT ADDED ENTRY--TOPICAL TERM
Topical Term Agricultural productivity
650 #0 - SUBJECT ADDED ENTRY--TOPICAL TERM
Topical Term Sustainable development
710 2# - ADDED ENTRY--CORPORATE NAME
Corporate name or jurisdiction name as entry element International Food Policy Research Institute.
856 41 - ELECTRONIC LOCATION AND ACCESS
Uniform Resource Identifier http://www.loc.gov/catdir/toc/ecip055/2004029480.html
942 ## - ADDED ENTRY ELEMENTS (KOHA)
Koha item type សៀវភៅភាសាអង់គ្លេស
952 ## - LOCATION AND ITEM INFORMATION (KOHA)
Withdrawn status [LOCAL, KOHA] 0
Holdings
Koha item type Source of acquisition Lost status Permanent Location Current Location Date acquired Full call number
សៀវភៅភាសាអង់គ្លេសA33163 Library Block CLibrary Block C2020-01-27338 INT 2004 C155 Or.
មជ្ឈមណ្ឌលឯការនៃសាកលវិទ្យាល័យភូមិន្ទកសិកម្មចំការដូង

Powered by Koha